Vista normal Vista MARC

Entrada Personal Name

Número de registros utilizados en: 1

001 - CONTROL NUMBER

  • control field: 63925

003 - CONTROL NUMBER IDENTIFIER

  • control field: OSt

005 - DATE AND TIME OF LATEST TRANSACTION

  • control field: 20250827214238.0

008 - FIXED-LENGTH DATA ELEMENTS

  • fixed length control field: 250827|| aca||aabn | a|a d

040 ## - CATALOGING SOURCE

  • Original cataloging agency: OSt
  • Transcribing agency: OSt

100 ## - HEADING--PERSONAL NAME

  • Personal name: Martí i Puig, Salvador,
  • Dates associated with a name: 1969-

670 ## - SOURCE DATA FOUND

  • Source citation: Work cat.: (OSt)58750: Vallès Casadevall, Josep María, 1940- aut 63919, Ciencia política :









Instituto Departamental de Cultura del Meta - Red Departamental de Bibliotecas Públicas del Meta.